Quiz sur les États américains par ordre alphabétique - Statistiques

Statistiques générales
  • Ce quiz a été pris 101 fois
    88 depuis la dernière actualisation
  • Le résultat moyen est 25 sur 50
Statistiques - réponses
Première lettre State % Correct
A Alabama
95%
A Arkansas
88%
A Arizona
83%
A Alaska
81%
G Géorgie
80%
D Delaware
73%
F Floride
73%
H Hawaï
72%
K Kansas
72%
L Louisiane
70%
C Californie
69%
I Idaho
64%
K Kentucky
64%
I Indiana
63%
I Iowa
63%
M Maine
61%
I Illinois
58%
C Colorado
55%
C Connecticut
53%
P Pennsylvanie 
53%
M Massachusetts
52%
R Rhode Island
52%
U Utah
50%
M Maryland
48%
N Nevada
48%
O Ohio
45%
W Wyoming
45%
M Mississippi
44%
N Nebraska
44%
O Oregon
44%
T Texas
44%
W Wisconsin
44%
M Missouri
42%
V Vermont
42%
W Washington
42%
M Minnesota
41%
M Montana
39%
T Tennessee
38%
V Virginie
38%
N New Hampshire
36%
O Oklahoma
36%
M Michigan
34%
N New Jersey
33%
N New York
33%
C Caroline du Sud
23%
N Nouveau-Mexique
22%
C Caroline du Nord
13%
D Dakota du Nord
13%
D Dakota du Sud
13%
V Virginie-Occidentale
11%
Aucun quiz correspondant
Distribution des résultats
% des personnes avec chaque résultat
Percentile par nombre de réponses
Votre historique - résultats
Vous n’avez pas pris ce quiz depuis la dernière actualisation